The philosophy of symbolic forms
Zapisane w:
| 1. autor: | |
|---|---|
| Format: | Książka |
| Język: | Undetermined |
| Wydane: |
London
Yale University press
1957
|
| Hasła przedmiotowe: | |
| Etykiety: |
Dodaj etykietę
Nie ma etykietki, Dołącz pierwszą etykiete!
|
| Thư viện lưu trữ: | Trung tâm Học liệu Trường Đại học Cần Thơ |
|---|
| LEADER | 00547nam a2200193Ia 4500 | ||
|---|---|---|---|
| 001 | CTU_89682 | ||
| 008 | 210402s9999 xx 000 0 und d | ||
| 082 | |a 111 | ||
| 082 | |b C345/Vol.3 | ||
| 100 | |a Cassirer, Ernst | ||
| 245 | 4 | |a The philosophy of symbolic forms | |
| 245 | 0 | |c Ernst Cassirer | |
| 260 | |a London | ||
| 260 | |b Yale University press | ||
| 260 | |c 1957 | ||
| 650 | |a Language and languages,Knowledge, theory of,Symbolism | ||
| 650 | |x Philosophy | ||
| 904 | |i Nguyên | ||
| 980 | |a Trung tâm Học liệu Trường Đại học Cần Thơ | ||